000 00413nam a2200181Ia 4500
001 17454
005 20260306171518.0
008 260306s9999||||xx |||||||||||||| ||und||
041 _aESP
082 _a658
_bE88
100 _aEspinoza Herrera, Nemesio
_eAUT
245 0 _aAntología de la administración
260 _c1995
300 _a
_c
650 _aGEN
654 _aCAN
942 _cLIB
_dJUS
_fJUS
_2ddc
_n
999 _c17454
_d17454